000 00304nam a22001457a 4500
020 _a978-93-81788-67-7
082 _a930
_bHIT/M
100 _aHITLAR
245 _aMAIN KAMP
260 _aKOZHIKODE
_bPAPPIYON
_c2013
300 _a338
520 _aAUTOBIOGRAPHY
650 _aAUTOBIOGRAPHY
942 _cBK
999 _c5589
_d5589